[Event "Clichy"]
[Site "Clichy"]
[Date "1994.??.??"]
[Round "6"]
[White "Verat, Laurent"]
[Black "Lukasiewicz, Grzegorz"]
[Result "1/2-1/2"]
[WhiteElo "2295"]
[BlackElo "2375"]

1.d4 d5 2.c4 c6 3.Nf3 Nf6 4.Qc2 g6 5.Bf4 Bg7 6.e3 O-O 7.Nc3 Be6 8.Qb3 Qc8
9.h3 Nbd7 10.Rc1 Nb6 11.c5 Nbd7 12.Ng5 Bf5 13.g4 Be4 14.f3 h6 15.fxe4 hxg5
16.Bxg5 dxe4 17.Bg2 e5 18.Nxe4 Nxe4 19.Bxe4 exd4 20.Bxg6 Qc7 21.Rf1 Ne5 22.Bf5 dxe3
23.Bxe3 Rad8 24.Kf2 Rfe8 25.Kg2 Qe7 26.Rcd1 Rxd1 27.Rxd1 Nxg4 28.hxg4 Qxe3
29.Qxe3 Rxe3 30.Rd8+ Bf8 31.Kf2 Rh3  1/2-1/2

[Event "Copenhagen op16"]
[Site "Copenhagen"]
[Date "1994.??.??"]
[Round "3"]
[White "Bator, Robert"]
[Black "Hansen, Lars Bo"]
[Result "1-0"]
[WhiteElo "2410"]
[BlackElo "2545"]

1.d4 d5 2.c4 c6 3.Nf3 Nf6 4.Qc2 dxc4 5.Qxc4 Bf5 6.g3 Nbd7 7.Bg2 e6 8.O-O Be7
9.Nc3 O-O 10.e3 Ne4 11.Nd2 Nxd2 12.Bxd2 e5 13.d5 Nb6 14.Qb3 Bd3 15.Rfd1 c5
16.a4 c4 17.Qa2 Bc2 18.Re1 Bb3 19.Qb1 Bb4 20.Qf5 Re8 21.Ne4 Bxd2 22.Nxd2 Bxa4
23.Nxc4 Nxc4 24.Rxa4 Nd6 25.Qd3 a5 26.Rc1 Qb6 27.Qa3 g6 28.Bf1 Qd8 29.Rc5 Qf6
30.Qc3 Rac8 31.Bh3 Rxc5 32.Qxc5 Qf3 33.Bg4 Qf6 34.Qxa5 h5 35.Bd7 Rf8 36.Qb6 Kg7
37.h4 e4 38.Bh3 Qe5 39.Qc7 Re8 40.Bd7 Re7 41.Qd8 Kh7 42.Ra8 Nc4 43.Qg8+ Kh6
44.Qf8+ Kh7 45.Re8 Rxe8 46.Qxf7+ Qg7 47.Qxe8 Nd2 48.Be6 Qxb2 49.Qf7+ Kh6
50.Kg2 Nc4 51.Qf4+ Kh7 52.Qc7+  1-0

[Event "Copenhagen op16"]
[Site "Copenhagen"]
[Date "1994.??.??"]
[Round "6"]
[White "Bator, Robert"]
[Black "Hansen, Sune Berg"]
[Result "0-1"]
[WhiteElo "2410"]
[BlackElo "2415"]

1.d4 d5 2.c4 c6 3.Nf3 Nf6 4.g3 Bf5 5.Bg2 e6 6.O-O Nbd7 7.Nc3 h6 8.Nd2 Be7
9.e4 dxe4 10.Ndxe4 O-O 11.b3 Nxe4 12.Nxe4 Nf6 13.Nc3 Qa5 14.Bb2 Rfd8 15.a3 Rd7
16.Re1 Qd8 17.Na4 c5 18.d5 exd5 19.cxd5 Nxd5 20.Qf3 Be6 21.Rad1 Qf8 22.Rd3 Rad8
23.Red1 b5 24.Nc3 Nxc3 25.Rxd7 Nxd1 26.Rxd1 Rxd1+ 27.Qxd1 Qd8 28.Qc2 Bg4
29.f3 Be6 30.Bf1 Qd5 31.Kf2 c4 32.bxc4 bxc4 33.Be2 Qc5+ 34.Kg2 Qe3 35.Bc1 Qc5
36.Qe4 Qd5 37.Qb1 Bc5 38.Qb2 Bb6 39.Qc3 Qc5 40.Qe1 c3 41.Bd3 Qd4 42.Bc2 g5
43.h4 g4 44.Be4 h5 45.Bf4 Qc4 46.fxg4 hxg4 47.Bc2 Qa2 48.Qb1 Qxa3 49.Qb5 Qe7
50.Kh2 Bd7 51.Qd5 Bf5 52.Qd1 Bxc2 53.Qxg4+ Bg6 54.h5 Qc5 55.Kg2 Qg1+  0-1

[Event "Copenhagen op16"]
[Site "Copenhagen"]
[Date "1994.??.??"]
[Round "8"]
[White "Jiretorn, Eva"]
[Black "Petersen, Steen"]
[Result "1-0"]
[WhiteElo "2230"]
[BlackElo "2085"]

1.d4 d5 2.c4 c6 3.Nf3 Nf6 4.g3 e6 5.Bg2 Be7 6.O-O O-O 7.Qc2 Nbd7 8.Nbd2 b6
9.e4 dxc4 10.Nxc4 c5 11.Ng5 g6 12.d5 Ne8 13.h4 exd5 14.exd5 Nd6 15.Ne4 Nxc4
16.Qxc4 Ne5 17.Qc3 Bd6 18.Bh6 f5 19.Nxd6 Qxd6 20.f4  1-0

[Event "Copenhagen op16"]
[Site "Copenhagen"]
[Date "1994.??.??"]
[Round "9"]
[White "Jakobsen, Ole"]
[Black "Gretarsson, Helgi Ass"]
[Result "0-1"]
[WhiteElo "2375"]
[BlackElo "2390"]

1.d4 Nf6 2.c4 c6 3.Nf3 d5 4.Qb3 e6 5.g3 dxc4 6.Qxc4 b5 7.Qc2 Bb7 8.Bg2 Nbd7
9.O-O c5 10.Nbd2 Rc8 11.Qd1 Qb6 12.dxc5 Nxc5 13.b4 Na4 14.a3 Be7 15.Nb3 Nd5
16.Bd2 Bf6 17.Rc1 O-O 18.Rxc8 Rxc8 19.Qe1 Bb2 20.e4 Ndc3 21.Be3 Qa6 22.Nfd2 Bxa3
23.Nc5 Nxc5 24.Bxc5 Qa4 25.Qa1 Ne2+ 26.Kh1 a5 27.Bf3 Nc3 28.Qxc3 Bxb4 29.Bxb4 Rxc3
30.Bxc3 b4 31.Ba1 Qc2 32.Rd1 h6 33.Kg2 b3 34.Bd4 a4 35.Nb1 b2 36.Re1 f5 37.Re2 Qxb1
38.Rxb2 Qd3 39.Rxb7 Qxd4 40.exf5 exf5 41.Rb8+ Kf7 42.Ra8 Qb4 43.Ra7+ Kf6
44.h3 a3 45.Bd5 Qc5 46.Ra6+ Ke5 47.Ba2 Kd4 48.Rg6 Qa7 49.h4 Qb7+ 50.Kg1 Qb2
51.Bg8 Qb1+ 52.Kg2 Qe4+ 53.Kg1 Kc3 54.h5 Qb1+ 55.Kg2 Qb7+ 56.Kg1 Qb1+ 57.Kg2 Qe4+
58.Kg1 Qe1+ 59.Kg2 Qe7 60.Re6 Qb7+ 61.Kg1 Qb1+ 62.Kg2 a2 63.Re3+ Kd2 64.Bxa2 Qxa2
65.Re7 Qd5+ 66.Kg1 Qd4 67.Kg2 Kd3 68.Kg1 Qg4 69.Kg2 Kd4 70.f3 Qg5 71.Rd7+ Ke3
72.Ra7 f4 73.Ra3+ Kd2 74.Ra2+ Kc3 75.g4 Qh4 76.Ra3+ Kb4 77.Rd3 Kc4 78.Ra3 Qg3+
79.Kf1 Kd4 80.Rb3 Ke5 81.Ra3 Kf6 82.Rd3 Kg5 83.Ke2 Qg2+ 84.Ke1 Kh4  0-1

[Event "CZE-chT"]
[Site "?"]
[Date "1994.??.??"]
[Round "?"]
[White "Konopka, Michal"]
[Black "Koutsin, Sergey"]
[Result "1/2-1/2"]
[WhiteElo "2440"]
[BlackElo "2445"]

1.Nf3 d5 2.d4 c6 3.c4 Nf6 4.Qb3 a6 5.Nc3 dxc4 6.Qxc4 b5 7.Qd3 e6 8.g3 Bb7
9.Bg2 c5 10.O-O Be7 11.Bg5  1/2-1/2

[Event "Dresden (Women)"]
[Site "Dresden"]
[Date "1994.??.??"]
[Round "?"]
[White "Kachiani Gersinska, Ketino"]
[Black "Fischdick, Gisela"]
[Result "1/2-1/2"]
[WhiteElo "2415"]
[BlackElo "2280"]

1.d4 d5 2.c4 c6 3.Nf3 Nf6 4.Qc2 g6 5.Bf4 Bg7 6.e3 O-O 7.Nc3 Bf5 8.Qb3 Qb6
9.Be2 Nbd7 10.O-O h6 11.h3 Qxb3 12.axb3 g5 13.Bh2 e6 14.c5 Ne4 15.b4 a6 16.Na2 Rfe8
17.Nc1 e5 18.Nb3 Bg6 19.Nxe5 Nxe5 20.dxe5 Bxe5 21.Bxe5 Rxe5 22.b5 cxb5 23.Bxb5 Rc8
24.c6 axb5 25.cxb7 Rb8 26.Ra8 Ree8 27.Rfa1 Kg7 28.Rxb8 Rxb8 29.Ra7 Nd6 30.Na5 Bf5
31.b4 d4 32.Ra8 Rxb7 33.Nxb7 Nxb7  1/2-1/2

[Event "Petrosian mem"]
[Site "Erevan"]
[Date "1994.??.??"]
[Round "?"]
[White "Petrosian, Arshak B"]
[Black "Mnatsakanian, Eduard A"]
[Result "1-0"]
[WhiteElo "2455"]
[BlackElo "2390"]

1.d4 d5 2.c4 c6 3.Nf3 Nf6 4.Qb3 dxc4 5.Qxc4 Bf5 6.g3 e6 7.Nc3 Nbd7 8.Bg2 Nb6
9.Qb3 a5 10.a4 h6 11.O-O Bb4 12.Rd1 O-O 13.Ne5 Bh7 14.e3 Qe7 15.e4 Nbd7 16.Nxd7 Qxd7
17.f3 Ne8 18.Be3 Nc7 19.Rac1 Kh8 20.Na2 Na6 21.Nxb4 Nxb4 22.Qc4 Na6 23.b3 Rfd8
24.Qc3 Nb4 25.Qb2 f6 26.Rd2 Qf7 27.Rcd1 Rd7 28.Qc3 Bg8 29.Bf1 Qe8 30.g4 Bh7
31.Bf4 Qd8 32.Bg3 Qf8 33.Qc5 Qd8 34.Qc3 Qe7 35.Qe3 Rad8 36.h4 Bg8 37.g5 h5
38.gxf6 gxf6 39.Qh6+ Bh7 40.Qxh5 e5 41.Bh3 Rxd4 42.Rxd4 Rxd4 43.Rxd4 exd4
44.Qxa5 d3 45.Bf4 Nc2 46.Qc3 Nb4 47.Bf1 Kg7 48.Bxd3 c5 49.Bc4 Qd7 50.Qd2 Qxd2
51.Bxd2 Nc6 52.Bd5 Ne5 53.Kf2 b6 54.f4 Ng6 55.h5 Ne7 56.Bb7 f5 57.e5 Bg8
58.b4  1-0

[Event "FRA-chT "]
[Site "FRA"]
[Date "1994.??.??"]
[Round "3"]
[White "Tasic, Branislav"]
[Black "Zawadski, Stephane"]
[Result "1/2-1/2"]
[WhiteElo "2290"]
[BlackElo "2230"]

1.d4 d5 2.c4 c6 3.Nf3 Nf6 4.Qc2 g6 5.Bf4 Bg7 6.e3 Bf5 7.Qb3 Qb6 8.c5 Qxb3
9.axb3 Bxb1 10.Rxb1 Ne4 11.Ra1 Nd7 12.b4 f6 13.h3 e5 14.Bh2 O-O 15.Be2 a6
16.O-O Rae8 17.Rfd1 Rf7 18.Rac1  1/2-1/2

[Event "Garmisch"]
[Site "Garmisch"]
[Date "1994.??.??"]
[Round "1"]
[White "Lobron, Eric"]
[Black "Stangl, Markus"]
[Result "0-1"]
[WhiteElo "2580"]
[BlackElo "2535"]

1.d4 d5 2.c4 c6 3.Nf3 dxc4 4.e3 b5 5.a4 e6 6.b3 b4 7.Bxc4 Nf6 8.O-O Nbd7
9.Qe2 Be7 10.e4 O-O 11.a5 c5 12.d5 exd5 13.exd5 Bd6 14.Bb2 Re8 15.Qc2 Bb7
16.Rd1 a6 17.Nbd2 Qc7 18.Nf1 Rad8 19.Rd3 Ne5 20.Nxe5 Bxe5 21.Rad1 Qxa5 22.Bxe5 Rxe5
23.Qb2 Ree8 24.d6 Be4 25.d7 Re7 26.Rd6 Rexd7 27.Qe5 Rxd6 28.Rxd6 Re8 29.Qg3 Bg6
30.Rxa6 Qd8 31.h3 Qd4 32.Ne3 Ne4 33.Qc7 Rf8 34.Qe7 Qd8 35.Qb7 Kh8 36.Ra7 Qh4
37.g3 Qf6 38.Ng4 Qd8 39.Kg2 Bf5 40.Ne3 Qd2 41.Ng4 h5 42.Ra8 hxg4 43.Rxf8+ Kh7  0-1

[Event "Gausdal Int"]
[Site "Gausdal"]
[Date "1994.??.??"]
[Round "5"]
[White "Davies, Nigel R"]
[Black "Bronstein, David I"]
[Result "1/2-1/2"]
[WhiteElo "2510"]
[BlackElo "2440"]

1.d4 d5 2.Nf3 Nf6 3.c4 c6 4.Qb3 e6 5.g3 Nbd7 6.Bg2 Be7 7.O-O Ne4 8.Nc3 f5
9.Ne1 Nd6 10.cxd5 exd5 11.Nd3  1/2-1/2

[Event "Geneve op"]
[Site "Geneve"]
[Date "1994.??.??"]
[Round "5"]
[White "Gheorghiu, Florin"]
[Black "Kohlweyer, Bernd"]
[Result "1/2-1/2"]
[WhiteElo "2465"]
[BlackElo "2450"]

1.d4 d5 2.c4 c6 3.Nf3 dxc4 4.e3 b5 5.a4 e6 6.b3 b4 7.Bxc4 Nf6 8.O-O Nbd7
9.Nbd2 Be7 10.Bb2 O-O 11.Qe2 Bb7 12.Rac1 Qb8 13.Rfd1 Rc8 14.Ne5 c5 15.Nxd7  1/2-1/2

[Event "Hessenliga"]
[Site "Germany"]
[Date "1994.??.??"]
[Round "?"]
[White "Stimpel, Franz"]
[Black "Kuech, Holger"]
[Result "0-1"]
[WhiteElo "2255"]
[BlackElo "2230"]

1.d4 d5 2.c4 c6 3.Nf3 Nf6 4.Qc2 g6 5.e3 Bf5 6.Qb3 Qb6 7.Nc3 Nbd7 8.Qxb6 Nxb6
9.b3 Bg7 10.Ba3 Nfd7 11.cxd5 Nxd5 12.Nxd5 cxd5 13.Rc1 Bf6 14.Be2 Kd8 15.O-O Rc8
16.Rfd1 Nb8 17.Rxc8+ Kxc8 18.Ne5 Be6 19.Rc1+ Kd8 20.Nd3 Nd7 21.Nf4 Bg5 22.Nxe6+ fxe6
23.f4 Bh6 24.g3 g5 25.Kf2 gxf4 26.exf4 Nf6 27.Bf3 Kd7 28.Ke3 Ne8 29.Kd3 Nd6
30.Re1 Rg8 31.Re5 Bg7 32.Re2 Bf6 33.Bg2 Nf5 34.Bb2 Kd6 35.Bf3 Kd7 36.Rf2 Nh6
37.Bh5 Nf5 38.Re2 Ng7 39.Bf3 Nf5 40.Re1 Kd6 41.g4 Nh4 42.Ke3 Rf8 43.Rf1 Bg7
44.Rf2 Ng6 45.Be2 Rxf4 46.Rxf4 Bh6 47.Kf3 Bxf4 48.h4 e5 49.h5 e4+ 50.Kg2 Nf8
51.Kh3 Bg5 52.Bb5 a6 53.Be8 Nd7 54.Bxd7 Kxd7 55.Kg3 b5 56.Bc3 Be3 57.Kg2 e5
58.dxe5 Ke6 59.Be1 Kxe5 60.Bh4 d4  0-1

[Event "Oberliga Nord N9495"]
[Site "Germany"]
[Date "1994.??.??"]
[Round "?"]
[White "Buhr, Carl Christian"]
[Black "Mordhorst, Henning"]
[Result "1-0"]
[WhiteElo "2175"]
[BlackElo "2310"]

1.d4 d5 2.c4 c6 3.Nf3 Nf6 4.Qb3 e6 5.g3 Bd6 6.Bg2 O-O 7.O-O Nbd7 8.Nc3 dxc4
9.Qxc4 e5 10.Bg5 exd4 11.Qxd4 Be7 12.Rad1 Qb6 13.e4 h6 14.Bf4 Bc5 15.Qd2 Bb4
16.Nd4 Nc5 17.Qc2 Bg4 18.f3 Ne6 19.Be3 Nxd4 20.Bxd4 Bc5 21.Bxc5 Qxc5+ 22.Qf2 Qxf2+
23.Rxf2 Be6 24.Rfd2 Rfe8 25.h3 Re7 26.f4 Rae8 27.b3 g6 28.e5 Nh5 29.Ne4 Kg7
30.Kh2 Rf8 31.Rf2 Kh8 32.g4 Ng7 33.Nf6 Ne8 34.Rd8 Kg7 35.f5 Bxf5 36.gxf5 Rxe5
37.Nd7  1-0

[Event "BL2-N9394"]
[Site "Germany"]
[Date "1994.??.??"]
[Round "?"]
[White "Konopka, Michal"]
[Black "Borik, Otto"]
[Result "1/2-1/2"]
[WhiteElo "2425"]
[BlackElo "2415"]

1.Nf3 d5 2.d4 c6 3.c4 Nf6 4.Qb3 dxc4 5.Qxc4 Be6 6.Qc2 Bd5 7.e3 Nbd7 8.Be2 Be4
9.Qb3 Qb6 10.Qxb6 axb6 11.Nc3 Bg6 12.O-O e6 13.Bd2 Bd6 14.Rfd1 b5 15.a3 Nb6
16.Be1 Nc4 17.a4 Nxb2 18.axb5 Ke7 19.Rxa8 Rxa8 20.Rd2 Na4 21.Nxa4 Rxa4 22.bxc6 bxc6
23.Rd1 Ra2 24.Rd2 Ra3 25.Rd1 Be4 26.Nd2 Bd5 27.Nc4 Ra2 28.Bf1 Bc7 29.f3 Ra4
30.Rc1 Bxc4 31.Bxc4 Kd7 32.Bf2  1/2-1/2

[Event "Oberliga Nord W9394"]
[Site "Germany"]
[Date "1994.??.??"]
[Round "?"]
[White "Remling, Christian"]
[Black "Maier, Martin"]
[Result "1/2-1/2"]
[WhiteElo "2305"]
[BlackElo "2225"]

1.d4 d5 2.c4 c6 3.Nf3 Nf6 4.Qc2 a6 5.Bf4 dxc4 6.Qxc4 Bf5 7.g3 e6 8.Bg2 Nbd7
9.O-O Be7 10.Qb3 Qb6 11.Qxb6 Nxb6 12.Nc3 Nfd5 13.Nxd5 exd5 14.b3 Nc8 15.h3 O-O
16.g4 Be4 17.Ne5 Bxg2 18.Kxg2 Bd6 19.Bg3 Re8 20.e3 f6 21.Nd3 Bxg3 22.Kxg3 Nd6
23.Rac1 Re7 24.Rc2 Rae8 25.Kg2 g5 26.Rh1 Kg7 27.Nc5 Kg6 28.h4 Ne4 29.hxg5 Nxc5
30.Rxc5 fxg5 31.b4 Rf8 32.a4 Ref7 33.Rc2 Rf6 34.b5 axb5 35.axb5 cxb5 36.Rb1 Rb6
37.Rc5 b4 38.Rxd5 b3 39.Rc5 Ra8 40.Rc3 b2 41.Rc2 Ra2 42.Kf3 h5 43.gxh5+ Kxh5
44.Ke4 Kg6 45.Ke5 Ra5+ 46.d5 Rab5 47.e4 g4 48.Kf4 Rb4 49.Kxg4 Rxe4+ 50.f4 Rbb4
51.Rf2 Red4 52.Rbxb2 Rxf4+ 53.Rxf4 Rxb2 54.d6 Rd2  1/2-1/2

[Event "Oberliga Nord O9495"]
[Site "Germany"]
[Date "1994.??.??"]
[Round "?"]
[White "Chekhov, Valery A"]
[Black "Muse, Drazen"]
[Result "1-0"]
[WhiteElo "2490"]
[BlackElo "2295"]

1.d4 d5 2.c4 c6 3.Nf3 Nf6 4.Qc2 g6 5.Bf4 Bg7 6.e3 O-O 7.Nc3 Qa5 8.Nd2 Bf5
9.Qb3 Nbd7 10.Be2 b5 11.cxb5 c5 12.O-O Rfc8 13.Rfc1 c4 14.Qa4 Qd8 15.b3 Nb6
16.Qa6 Bd3 17.Bxd3 cxd3 18.Nf3 Ne4 19.Nd1 Rc2 20.Rxc2 dxc2 21.Nb2 Nc3 22.Kf1 Nb1
23.Nd3 Qd7 24.a4 Qf5 25.Nc1 g5 26.a5 gxf4 27.axb6 fxe3 28.b7 Rf8 29.fxe3 Qe4
30.Qc6 Qxe3 31.Qxc2 Bxd4 32.Rxb1 Bb6 33.Nd3 Qe4 34.Re1 Qf5 35.Rxe7  1-0

[Event "Giessen op"]
[Site "Giessen"]
[Date "1994.??.??"]
[Round "5"]
[White "Raetsky, Alexander"]
[Black "Karpman, Vadim"]
[Result "1/2-1/2"]
[WhiteElo "2410"]
[BlackElo "2425"]

1.d4 d5 2.c4 c6 3.Nf3 Nf6 4.Qc2 g6 5.Bf4 Bg7 6.e3 O-O 7.Nc3 c5 8.dxc5 Qa5
9.Nd2 Qxc5 10.Rc1 dxc4 11.Bxc4 Nc6 12.O-O Na5 13.Be2 Be6 14.a3  1/2-1/2

[Event "Graz op"]
[Site "Graz"]
[Date "1994.??.??"]
[Round "1"]
[White "Ibragimov, Ildar"]
[Black "Rohler, Siegfried"]
[Result "1-0"]
[WhiteElo "2525"]
[BlackElo "2180"]

1.d4 d5 2.c4 c6 3.Nf3 Nf6 4.Qc2 g6 5.Bf4 Bg7 6.e3 Bf5 7.Qb3 Qc8 8.Nc3 O-O
9.cxd5 cxd5 10.Nxd5 Nxd5 11.Qxd5 Qc2 12.Qxb7 Nc6 13.Qb3 Qxb3 14.axb3 Nb4
15.Kd2 f6 16.Bc4+ Kh8 17.Ra4 a5 18.Bc7 Nc6 19.Rha1 e5 20.d5 e4 21.dxc6 exf3
22.gxf3 Rac8 23.Bxa5 Rxc6 24.Bc3 Rd8+ 25.Ke2  1-0

[Event "GRE-ch"]
[Site "?"]
[Date "1994.??.??"]
[Round "1"]
[White "Moutousis, Konstantinos"]
[Black "Kotronias, Vasilios"]
[Result "0-1"]
[WhiteElo "2425"]
[BlackElo "2545"]

1.d4 d5 2.Nf3 c6 3.c4 dxc4 4.e3 b5 5.a4 e6 6.axb5 cxb5 7.b3 Bb4+ 8.Bd2 Bxd2+
9.Nbxd2 a5 10.bxc4 b4 11.Bd3 Nf6 12.g4 Bb7 13.g5 Nfd7 14.Qc2 Qe7 15.Rg1 Ra7
16.Rg4 g6 17.h4 e5 18.h5 exd4 19.O-O-O b3 20.Qb2 Nc5 21.Bb1 a4 22.Qxd4 O-O
23.Rh1 Rd8 24.Qf4 Ne6 25.Qe5 Qa3+ 26.Kd1 Bxf3+  0-1

[Event "Groningen"]
[Site "Groningen"]
[Date "1994.??.??"]
[Round "8"]
[White "Gulko, Boris F"]
[Black "Sokolov, Ivan"]
[Result "1/2-1/2"]
[WhiteElo "2590"]
[BlackElo "2625"]

1.Nf3 d5 2.d4 c6 3.c4 dxc4 4.e3 b5 5.a4 e6 6.b3 Bb4+ 7.Bd2 Bxd2+ 8.Nfxd2 cxb3
9.axb5 b2 10.Ra2 Ne7 11.Qb3 Bb7 12.Ne4 O-O 13.Nc5 Qb6 14.Qxb2 Rc8 15.bxc6 Bxc6
16.Nd2 e5 17.Nc4 Qxb2 18.Rxb2 exd4 19.Nd6 Rd8 20.Ndb7 Rf8 21.e4 Nd7 22.Nxd7 Bxd7
23.Kd2 a5 24.Nc5 Bc6 25.Bc4 a4 26.Ba2 g5 27.h4 a3 28.Rb4 Rfb8 29.Rhb1 Rxb4
30.Rxb4 gxh4 31.Rxd4 Rb8 32.Nd3 Bb5 33.Ke3 Nc6 34.Rd6 Rd8 35.Rxd8+ Nxd8 36.Ne1 Nc6
37.Nc2 Bf1 38.Nxa3 Bxg2 39.f4 h3 40.Kf2 Bxe4 41.Kg3 Nd4 42.Kxh3 Ne2 43.Kg4 Kg7
44.f5 Nd4 45.Kf4 Bxf5 46.Nb5 Nxb5 47.Kxf5 Nd6+ 48.Kg5 f6+ 49.Kg4 Kg6 50.Bb1+ Kg7
51.Kh5 Nc4 52.Bc2 h6 53.Bd3 Ne3 54.Be4 f5  1/2-1/2

[Event "Groningen op"]
[Site "Groningen"]
[Date "1994.??.??"]
[Round "9"]
[White "Dive, Russell John"]
[Black "Fontaine, Robert"]
[Result "0-1"]
[WhiteElo "2315"]
[BlackElo "2155"]

1.d4 d5 2.c4 c6 3.Nf3 Nf6 4.Qc2 dxc4 5.Qxc4 Bf5 6.Nc3 e6 7.g3 Be7 8.Bg2 O-O
9.O-O Nbd7 10.Rd1 Bc2 11.a3 Nb6 12.Qa2 Bxd1 13.Nxd1 c5 14.Be3 Nbd5 15.Bd2 Ne4
16.Be1 Bf6 17.e3 cxd4 18.exd4 Rc8 19.Ne5 Bxe5 20.dxe5 Nc5 21.Nc3 Nxc3 22.Bxc3 Qb6
23.Rf1 Rfd8 24.h4 Na4 25.Bb4 a5 26.Bd6 Rc2 27.Qb1 Qxb2 28.Qd1 Nc3 29.Qg4 Rc1
30.h5 h6 31.Bf3 Rxf1+ 32.Kxf1 Rc8 33.Be7 Qb5+ 34.Kg2 Rc4 35.Qh3 Qxe5 36.Qh1 Rc7
37.Bd8 Rd7 38.Bb6 Nd5 39.Qb1 Nxb6 40.Qxb6 Qc7 41.Qb5 b6 42.a4 Rd8 43.Bc6 Qd6
44.Bf3 Qc5 45.Qb2 Rd4 46.Qa2 Rb4 47.Qa1 Qd4 48.Qc1 Rb2  0-1

[Event "Guines"]
[Site "Guines"]
[Date "1994.??.??"]
[Round "9"]
[White "Moreno, Alejandro"]
[Black "Leyva, Hector"]
[Result "1-0"]
[WhiteElo "2310"]
[BlackElo "2300"]

1.d4 d5 2.c4 c6 3.Nf3 dxc4 4.Nc3 e6 5.e4 b5 6.e5 Bb4 7.a4 a5 8.Bd2 Bxc3 9.bxc3 h6
10.Qb1 Ba6 11.Qe4 Ra7 12.Qg4 Kf8 13.Be3 Rd7 14.Nd2 Ne7 15.Ne4 Nd5 16.Be2 g6
17.h4 b4 18.h5 g5 19.O-O Rg8 20.Rac1 bxc3 21.Nxc3 Nxc3 22.Rxc3 c5 23.dxc5 Nc6
24.Qe4 Qc7 25.Bxc4 Bb7 26.Bb5 Rd5 27.f4 Rg7 28.Rcc1 Ba8 29.Rfd1 Ne7 30.c6 Rxd1+
31.Rxd1 Nd5 32.f5 Nxe3 33.Qxe3 exf5 34.Rd7 Qc8 35.Qb6 Ke8 36.c7  1-0

[Event "FIN-SWE m"]
[Site "Haernoesand"]
[Date "1994.??.??"]
[Round "?"]
[White "Schussler, Harry"]
[Black "Hakulinen, Esko Matti"]
[Result "1/2-1/2"]
[WhiteElo "2465"]
[BlackElo "2330"]

1.d4 d5 2.c4 c6 3.Nf3 Nf6 4.Qc2 dxc4 5.Qxc4 Bf5 6.g3 Nbd7 7.Nc3 e6 8.Bg2 Be7
9.O-O Ne4 10.Bf4 O-O 11.Rad1 a5 12.a4 Qb6 13.Nd2 Nxd2 14.Rxd2 Qb4 15.Qa2 Nb6
16.e4 Bg6 17.d5 exd5 18.exd5 cxd5 19.Nxd5 Nxd5 20.Rxd5 Bc5 21.Rd7 Rae8 22.Bd2 Qg4  1/2-1/2

[Event "Hania op"]
[Site "Hania"]
[Date "1994.??.??"]
[Round "5"]
[White "Nikolaidis, Ioannis"]
[Black "Frendzas, Panayotis"]
[Result "1-0"]
[WhiteElo "2460"]
[BlackElo "2380"]

1.d4 d5 2.c4 c6 3.Nf3 dxc4 4.e3 b5 5.a4 e6 6.axb5 cxb5 7.b3 Bb4+ 8.Bd2 Bxd2+
9.Nbxd2 a5 10.bxc4 b4 11.c5 Nf6 12.Bb5+ Bd7 13.Qa4 O-O 14.Ne5 Bxb5 15.Qxb5 Nd5
16.Ndc4 f6 17.Nd3 Qc7 18.Rxa5 Nc6 19.Rxa8 Rxa8 20.O-O Nc3 21.Qb6 Qxb6 22.cxb6 Nb5
23.Nc5 Rb8 24.b7 Kf7  1-0

[Event "EU-ch U16 Girls"]
[Site "Herculane"]
[Date "1994.??.??"]
[Round "3"]
[White "Kiseleva, Natalia"]
[Black "Zhukova, Natalia"]
[Result "1/2-1/2"]
[WhiteElo "2190"]
[BlackElo "2260"]

1.d4 d5 2.c4 c6 3.Nf3 Nf6 4.Qb3 a6 5.g3 e6 6.Bg2 b5 7.cxd5 cxd5 8.O-O Nc6
9.Bf4 Be7 10.Nbd2 Qb6 11.Qd3 O-O 12.Rfc1 Bb7 13.Nb3 Nd7 14.Ng5 g6 15.e4 Rac8
16.a3 dxe4 17.Nxe4 Rfd8 18.Be3 Qc7 19.Qe2 Qb8 20.Nec5 Nxc5 21.dxc5 Qe5 22.Rc2 Qf5
23.Rd1 e5 24.Rcd2 Qe6 25.Nc1 e4 26.Bf4 Bxc5 27.Qxe4 Qf6 28.b4 Bb6 29.Rxd8+ Rxd8
30.Rxd8+ Qxd8 31.Qd3 Qe7 32.Ne2 Qe8 33.h4 Bc8 34.Qe4 Qxe4 35.Bxe4 Nd4 36.Nxd4 Bxd4
37.Bc1  1/2-1/2

[Event "Hlohovec op"]
[Site "Hlohovec"]
[Date "1994.??.??"]
[Round "?"]
[White "Tibensky, Robert"]
[Black "Boric, Muhamed"]
[Result "1/2-1/2"]
[WhiteElo "2410"]
[BlackElo "2290"]

1.d4 Nf6 2.c4 c6 3.Nf3 d5 4.Qc2 g6 5.Bf4 Bg7 6.e3 O-O 7.Nc3 c5 8.dxc5 Qa5
9.Be2 dxc4 10.Bxc4 Qxc5 11.Qb3 Nc6 12.Qb5 Qxb5 13.Bxb5 Bd7 14.Ne5 Nxe5 15.Bxe5 Bxb5
16.Nxb5 Rfd8 17.Rc1 Rd5 18.Bxf6 Bxf6 19.Nc3 Bxc3+ 20.Rxc3 Rad8 21.O-O Rd2
22.Rb3 R8d7 23.a4 Rc2 24.g3 h5 25.Kg2 e6 26.Kf3 Kg7 27.h4 Kf6 28.Rb4 b6 29.Rb5 Rdd2
30.b4 Rb2 31.a5 Rd5 32.Rxd5 exd5 33.axb6 axb6 34.Rd1 Ke5 35.Rd4 Rc2 36.Rd1 Rc4
37.Rb1 b5 38.Rb2 f6 39.Rb1 d4 40.exd4+ Rxd4 41.Ke3 g5 42.Rh1 g4 43.Rc1 Re4+
44.Kd3 Rd4+ 45.Ke3  1/2-1/2

[Event "Hradec Kralove op"]
[Site "Hradec Kralove"]
[Date "1994.??.??"]
[Round "4"]
[White "Drabek, Miloslav"]
[Black "Malivanek, Jiri"]
[Result "1/2-1/2"]
[WhiteElo "2100"]
[BlackElo "2195"]

1.d4 d5 2.Nf3 Nf6 3.c4 c6 4.Nbd2 g6 5.g3 Bg7 6.Bg2 O-O 7.O-O Qb6 8.e3 Bf5
9.Qe2 Rd8 10.b3 Na6 11.a3 Ne4 12.Bb2 Rac8 13.Rac1 Bg4 14.b4 Nc7 15.Nb3 Ne8
16.h3 Be6 17.cxd5 Bxd5 18.Nfd2 Nxd2 19.Nxd2 Bxg2 20.Kxg2 Qc7 21.Nb3 Qd6 22.Nc5 Rb8
23.Qf3 Qd5 24.Rc2 Qxf3+ 25.Kxf3 e6 26.Rfc1 Bf8 27.Ke2 Nc7 28.Rd1 Be7 29.Rdc1 Kf8
30.Rd1 Ke8  1/2-1/2

[Event "HUN-chT 9394"]
[Site "?"]
[Date "1994.??.??"]
[Round "?"]
[White "Kladiva, I."]
[Black "Varga, Peter"]
[Result "0-1"]
[WhiteElo "2110"]
[BlackElo "2250"]

1.d4 d5 2.c4 c6 3.Nf3 Nf6 4.Qc2 dxc4 5.Qxc4 Bf5 6.Ne5 e6 7.Bg5 Qb6 8.b3 Ne4
9.Be3 Bb4+ 10.Kd1 Nd6 11.Qc1 Bxb1 12.Rxb1 Nb5 13.Nc4 Qd8 14.a3 Nxd4 15.Bd2 Be7
16.e3 Nb5 17.Kc2 Nd7 18.a4 Nd6 19.Qb2 Nf6 20.f3 O-O 21.Rd1 Qc7 22.Qe5 Rac8
23.Ba5 Nxc4 24.Bxc7 Nxe5 25.Bxe5 Nd5 26.Re1 Bb4 27.Re2 Bc5 28.e4 Ne3+ 29.Kc1 Rfd8
30.Re1 Bb4 31.Be2 Bxe1 32.Rxe1 f6 33.Bg3 Rd7 34.Rg1 Rcd8 35.Bf4 Rd2 36.Re1 Ra2
37.Kb1 Nxg2 38.Kxa2 Nxe1 39.Bc4 Kf7 40.Be3 Nxf3  0-1

[Event "HUN-chT 9394"]
[Site "?"]
[Date "1994.??.??"]
[Round "?"]
[White "Peredy, Ferenc"]
[Black "Bartha, Sandor"]
[Result "1-0"]
[WhiteElo "2190"]
[BlackElo "2255"]

1.d4 d5 2.Nf3 Nf6 3.c4 c6 4.Nbd2 Bf5 5.g3 Nbd7 6.Bg2 e6 7.O-O Be7 8.b3 O-O
9.Bb2 Ne4 10.Rc1 Qa5 11.a3 b5 12.cxd5 cxd5 13.b4 Qd8 14.Ne5 Nxd2 15.Qxd2 Nb6
16.Nc6 Qd7 17.Nxe7+ Qxe7 18.Rc5 Nc4 19.Qc3 a6 20.f3 Nb6 21.Rc7 Qd8 22.Rc1 h5
23.e4 Bg6 24.Rc2 Na4 25.Qb3 Nb6 26.R2c5 Rb8 27.h4 Re8 28.Kh2 Re7 29.Rxe7 Qxe7
30.Bc1 Qd7 31.Bf4 Rc8 32.Qc3 dxe4 33.Rxc8+ Nxc8 34.fxe4 Nb6 35.Qc5 Nc4 36.a4 Nb2
37.axb5 axb5 38.Qd6 Qc8 39.d5 exd5 40.exd5 Qc2 41.Qc6 Be4 42.Qe8+  1-0

[Event "HUN-chT 9394"]
[Site "?"]
[Date "1994.??.??"]
[Round "?"]
[White "Rezsek, Gyozo"]
[Black "Bali, Janos"]
[Result "1-0"]
[WhiteElo "2085"]
[BlackElo "2210"]

1.d4 d5 2.Nf3 Nf6 3.c4 c6 4.Qb3 g6 5.Nc3 Bg7 6.Bf4 O-O 7.e3 a6 8.cxd5 cxd5
9.Bxb8 Rxb8 10.Bxa6 Bf5 11.Be2 Qa5 12.O-O h5 13.Ne5 g5 14.Rac1 h4 15.a3 g4
16.Qd1 Qb6 17.b4 Qe6 18.Na4 Ne4 19.Nxg4 Ra8 20.h3 Bxg4 21.Bxg4 f5 22.Bf3 f4
23.Nc5 Qh6 24.Nxe4 dxe4 25.Qb3+ Kh8 26.Bxe4 Ra6 27.Rc5 e5 28.dxe5 Re6 29.exf4 b6
30.Rc7 Rxf4 31.Rc8+ Bf8 32.Qd5 Kg7 33.Rfc1 Be7 34.R1c6 Rxc6 35.Rxc6 Qh5 36.Rg6+ Qxg6
37.Bxg6 Kxg6 38.Qe6+  1-0

[Event "HUN-chT2 9394"]
[Site "?"]
[Date "1994.??.??"]
[Round "?"]
[White "Sinkovics, Peter"]
[Black "Bugyinszki, Istvan"]
[Result "1/2-1/2"]
[WhiteElo "2395"]
[BlackElo "2305"]

1.d4 d5 2.Nf3 c6 3.c4 dxc4 4.e3 b5 5.a4 e6 6.axb5 cxb5 7.b3 Bb4+ 8.Bd2 Bxd2+
9.Nbxd2 a5 10.bxc4 b4 11.c5 Nf6 12.Bb5+ Bd7 13.Qa4 O-O 14.Ne5 Nd5 15.Nxd7 Nc3
16.Nxf8 Nxa4 17.Nxe6 fxe6 18.Bxa4 Na6 19.Nb3 Nc7 20.O-O Nd5 21.Bc6 Ra6 22.Bxd5 Qxd5
23.Nxa5 e5 24.Rfd1 exd4 25.exd4 b3 26.Rdb1 b2 27.Rxb2 Qxd4 28.Rbb1 Qxc5 29.Nb3 Qc2
30.Rf1 Rxa1 31.Nxa1 Qb2 32.Re1 g5 33.h3 Kf7 34.g3 h5 35.Kg2 Kf6 36.g4 hxg4
37.hxg4 Qb4 38.Re3 Qxg4+ 39.Kf1 Qd1+ 40.Kg2 Qxa1 41.Rg3 Qb2 42.Re3 g4 43.Kg1 Kf5
44.Kg2 Kf4 45.Rg3 Qb7+ 46.Kg1 Qe4 47.Re3 Qd5 48.Rg3 Ke5 49.Re3+ Kd4 50.Kh2 Qb7
51.Rg3 Ke4 52.Re3+ Kf4 53.Rg3 Qb1 54.Kg2 Qe4+ 55.Kg1  1/2-1/2

[Event "JUG-chT"]
[Site "Igalo"]
[Date "1994.??.??"]
[Round "?"]
[White "Shumiakina, Tatiana"]
[Black "Voiska, Margarita"]
[Result "1/2-1/2"]
[WhiteElo "2330"]
[BlackElo "2350"]

1.d4 d5 2.c4 c6 3.Nf3 Nf6 4.Qc2 g6 5.Bf4 Bg7 6.e3 O-O 7.Be2 Nbd7 8.Nc3 Nb6
9.cxd5 Nbxd5 10.Be5 Bf5 11.Qd2 Nxc3 12.bxc3 Ne4 13.Qb2 Qb6 14.Qa3 c5 15.Bxg7 Kxg7
16.O-O Qc7 17.c4 Rfd8 18.h3 b6 19.Rfd1 Nd6 20.Rac1 Rac8 21.d5 f6 22.Qb2 a6
23.Nd2 g5 24.Re1 Rb8 25.Bf1 Ne4 26.Nxe4 Bxe4 27.f3 Bg6 28.e4 Qe5 29.Qxe5 fxe5
30.Re3 Rd6 31.Rb1 Rf8 32.Reb3 Rff6 33.Ra3 a5 34.Re3 Be8 35.Bd3 Ba4 36.Rb2 Kf7
37.Re1 Ke8 38.Bc2 Bd7 39.Bd1 Kd8 40.Re3  1/2-1/2